000 00844nam a22001817a 4500
999 _c64155
_d64155
003 Ge_BSU
005 20260422141033.0
008 260422s1963 ge ||||| |||| 00| 0 geo d
041 _ageo
080 _a331.101.6:62 ო-46
100 _aომიაძე, ვლ.
_927353
245 _aშრომის ნაყოფიერების განსაზღვრის მეთოდიკა მრეწველობაში /
_c ვლ. ომიაძე.
264 _aთბილისი :
_b საბჭ. საქართველო,
_c1963.
300 _a107 გვ. :
_bცხრილ. ;
_c20 სმ.
504 _a ბიბლიოგრ. შენიშვნებში.
653 _aშრომის ნაყოფიერება მრეწველობაში
942 _2udc
_cᲬᲘᲒᲜᲘ